000 00522nam a2200181Ia 4500
008 090123s9999 xx 000 0 und d
082 _b37195
100 _aवर्दे मोहिनी
245 _aबीजमंत्र
250 _a1
260 _bअनघा प्रकाशन
_c2004
300 _a160
600 _aवर्दे मोहिनी
630 _aबीजमंत्र
700 _aवर्दे मोहिनी
730 _aबीजमंत्र
942 _cBOOK
999 _c75262
_d75262